000 00442nam a2200181Ia 4500
005 20250603144536.0
008 250603s9999 xx 000 0 und d
020 _a9789785053449
050 _aHF 5667 .M46/
100 _aSoyemi, Kenny Ade
245 0 _aAuditing and assurance services
260 _aIbadan
260 _bLeksilicon publishing company limited
260 _c2014
300 _a534 p
650 _aIbadan
942 _cBK
999 _c39230
_d39230